[Event "Florianopolis Ribeiro Neto Memorial"]
[Site "Florianopolis"]
[Date "2014.09.13"]
[Round "3"]
[White "Scharlau Pereira, Tiago"]
[Black "Ribeiro, Vanio Melo"]
[Result "0-1"]
[WhiteElo "1766"]
[BlackElo "1801"]
[PlyCount "58"]
[EventDate "2014.09.12"]
[EventType "swiss"]
[EventRounds "6"]
[EventCountry "BRA"]
[SourceTitle "EXT 2015"]
[Source "ChessBase"]
[SourceDate "2014.11.20"]
[SourceVersion "1"]
[SourceVersionDate "2014.11.20"]
[SourceQuality "1"]

1. e4 Nf6 2. Nc3 Nc6 3. Nf3 e5 4. Bc4 h6 5. 0-0 Be7 6. d4 exd4 7. Nxd4 Nxd4 8. Qxd4 d6 9. h3 0-0 10. Be3 a6 11. a4 b6 12. Rfe1 Bb7 13. Rad1 Nh7 14. f4 Bf6 15. Qd3 Bxc3 16. Qxc3 Bxe4 17. Bd4 Re8 18. Bxg7 d5 19. Bxh6 Qf6 20. Qg3+ Kh8 21. Bg5 Qg6 22. Bxd5 Bxd5 23. Rxe8+ Rxe8 24. Rxd5 Qxc2 25. Qh4 Qxb2 26. Kh2 c5 27. Rd6 Kg8 28. Bh6 Kh8 29. Qe7 Rxe7 0-1